LEADER 01113nam a22002651i 4500 001 991003624099707536 005 20040726160005.0 008 040802s1955 fr |||||||||||||||||fre 035 $ab13102175-39ule_inst 035 $aARCHE-105478$9ExL 040 $aBiblioteca Interfacoltà$bita$cA.t.i. Arché s.c.r.l. Pandora Sicilia s.r.l. 082 04$a841.8 100 1 $aRaymond, Marcel$0386574 245 10$aBaroque & Renaissance poétique :$bpréalable a l'examen du baroque littéraire français : quelques aspects de la poésie de Ronsard : esquisse d'un Mal herbe /$cMarcel Raymond 260 $aParis :$bJ. Corti,$c1955 300 $a172 p. ;$c19 cm 600 14$aMalherbe, François :$cde 600 14$aRonsard, Pierre :$cde 650 4$aPoesia francese$ySec. 16.-17. 907 $a.b13102175$b02-04-14$c05-08-04 912 $a991003624099707536 945 $aLE002 Fondo Giudici H 738$g1$i2002000303981$lle002$nC. 1$o-$pE0.00$q-$rn$so $t0$u0$v0$w0$x0$y.i13736449$z05-08-04 996 $aBaroque & Renaissance poétique$9307010 997 $aUNISALENTO 998 $ale002$b05-08-04$cm$da $e-$ffre$gfr $h0$i1 LEADER 01230nam0 22002891i 450 001 UON00129380 005 20231205102749.816 010 $a18-992941-1-2 100 $a20020107d2000 |0itac50 ba 101 $aeng 102 $aGB 105 $a|||| 1|||| 200 1 $aPortraying China's new women enterpreuners$eA reading of Zhang Xin's fiction$fby Daria Berg 210 $aDurham$cUniversity of Durham, Department of East Asian Studies$d2000 215 $a28 p.$d21 cm 410 1$1001UON00129448$12001 $aDurham East Asian Papers$v12 606 $aLETTERATURA CINESE$xNARRATIVA$x1980-$xFIGURE FEMMINILE$3UONC030808$2FI 620 $aGB$dDurham$3UONL005287 686 $aEO SERIE$cESTREMO ORIENTE - SERIE$2A 700 1$aBERG$bDaria$3UONV079619$0668198 712 $aUniversity of Durham, Department of East Asian Studies$3UONV262634$4650 801 $aIT$bSOL$c20240220$gRICA 899 $aSIBA - SISTEMA BIBLIOTECARIO DI ATENEO$2UONSI 912 $aUON00129380 950 $aSIBA - SISTEMA BIBLIOTECARIO DI ATENEO$dSI EO SERIE 1 12 $eSI SA 98186 7 12 996 $aPortraying China's new women enterpreuners$91319299 997 $aUNIOR